Sorny’s blues and other storier

Sparad:
Bibliografiska uppgifter
Materialtyp: Bok
Taggar: Lägg till en tagg
Inga taggar, Lägg till första taggen!
Thư viện lưu trữ: Mạng thư viện Đại học Đà Nẵng
LEADER 00417nam a22001691a 4500
001 000040668
003 16963
005 20160412023250.0
008 160412s0 000
082 |a A23203 
245 |a Sorny’s blues and other storier  |c James Baldwin 
OWN |a LNN 
999 |a From the UDN01 
TYP |a Monograph 
980 |a Mạng thư viện Đại học Đà Nẵng